5HLuxD.jpg

KING HENRY VIII SENIOR AND PRIMARY SCHOOL LIBRARY OPAC

Frankenstein / (Record no. 2825)

000 -LEADER
fixed length control field 00954cam a2200301 a 4500
001 - CONTROL NUMBER
control field .b18939211
003 - CONTROL NUMBER IDENTIFIER
control field OCoLC
005 - DATE AND TIME OF LATEST TRANSACTION
control field 20230823085115.0
008 - FIXED-LENGTH DATA ELEMENTS--GENERAL INFORMATION
fixed length control field 090316r20051986enka 000 1 eng d
020 ## - INTERNATIONAL STANDARD BOOK NUMBER
International Standard Book Number 9781405076500
Qualifying information paperback
035 ## - SYSTEM CONTROL NUMBER
System control number (OCoLC)758191096
040 ## - CATALOGING SOURCE
Original cataloging agency ESALI
Language of cataloging spa
Transcribing agency ESALI
Modifying agency TWFJU
-- KH8
042 ## - AUTHENTICATION CODE
Authentication code nbic
082 0# - DEWEY DECIMAL CLASSIFICATION NUMBER
Classification number 428.64 SHE
100 1# - MAIN ENTRY--PERSONAL NAME
Personal name Shelley, Mary,
Relator term author.
245 10 - TITLE STATEMENT
Title Frankenstein /
Statement of responsibility, etc. Mary Shelley ; [illustrated by Victor Ambrus]
260 ## - PUBLICATION, DISTRIBUTION, ETC.
Place of publication, distribution, etc. Oxford :
Name of publisher, distributor, etc. Macmillan,
Date of publication, distribution, etc. 2005.
300 ## - PHYSICAL DESCRIPTION
Extent 68 p. :
Other physical details ill. ;
Dimensions 20 cm.
490 1# - SERIES STATEMENT
Series statement Macmillan readers. Elementary level.
500 ## - GENERAL NOTE
General note Originally published: 1986.
650 #0 - SUBJECT ADDED ENTRY--TOPICAL TERM
Topical term or geographic name entry element Readers.
650 #0 - SUBJECT ADDED ENTRY--TOPICAL TERM
Topical term or geographic name entry element Readers for new literates.
650 #0 - SUBJECT ADDED ENTRY--TOPICAL TERM
Topical term or geographic name entry element English language
Form subdivision Textbooks for foreign spearkers.
650 #0 - SUBJECT ADDED ENTRY--TOPICAL TERM
Topical term or geographic name entry element High interest-low vocabulary books.
700 1# - ADDED ENTRY--PERSONAL NAME
Personal name Ambrus, Victor,
Relator term illustrator.
830 #0 - SERIES ADDED ENTRY--UNIFORM TITLE
Uniform title Macmillan readers.
Name of part/section of a work Elementary level.
942 ## - ADDED ENTRY ELEMENTS (KOHA)
Source of classification or shelving scheme
Koha item type Teaching Resources
Holdings
Withdrawn status Lost status Source of classification or shelving scheme Damaged status Not for loan Collection code Permanent Location Current Location Shelving location Date acquired Total Checkouts Full call number Barcode Date due Date last seen Date last checked out Price effective from Koha item type
          Teaching Resources KH8 Senior School Library KH8 Senior School Library Staff Office 2023-12-13 1 428.64 SHE TRKHSL002260 2025-07-04 2024-11-08 2024-11-08 2023-12-13 Teaching Resources

Powered By KH8 IT Dept